000 00467nam a2200169Ia 4500
008 230711s9999||||xx |||||||||||||| ||und||
020 _a978-1-25-902668-3
041 _aENG
082 _a658.1511
_bKH-M
100 _aKhan,M.Y
245 0 _aManagement accounting text problems and cases
250 _a6th Ed.
260 _c2014
_aNew Delhi
_bMcGraw Hill Education(India) Private Limited
650 _aUNIVESITY BUSNIESS SCHOOL
700 _aJain, P K
942 _cBK
999 _c5923
_d5923